000 00864ngm a22002177a 4500
005 20150825170901.0
008 150825b2010 ck ||||| |||| q0| vcspa d
040 _aCO-BoIAVH
_cCO-BoIAVH
041 _aspa
044 _ack
082 _aIAVH-333.72
_bC833p
110 _aInstituto Humboldt, Ecopetrol
245 _aMagdalena medio y LLanos orientales
_bProyecto: Planeación para la Conservación de la Biodiversidad
260 _aColombia:
_bInstituto Humboldt,
_c2011.
300 _a23 min
_bDVD
_c18 cm.
505 _aPetroleo y biodiversidad un espacio en Fima. 5:00 Min Tras la búsqueda de los ODC. 11:30 min. La Orinoquia y el Magdalena Medio: tierras para una mirada singular. 5:28 min
650 _aPetroleo
650 _aBiodiversidad
_zMagdalena medio y Llanos orientales
662 _aColombia
942 _2z
_cDVD
999 _c17714
_d17714